000 00474nam a2200181Ia 4500
008 240925s9999 xx 000 0 und d
020 _a9781107698543
082 _a801.95 LEW
100 _aLewis, C. S.
245 3 _aAn Experiment in Criticism
250 _aNA
260 _aNew York:
_bCambridge University
_c,2013.
300 _axii, 429p.
_b0
_fOriginal
500 _aIncludes Index
600 _aHumanities & Natural Science
650 _aLiterature
942 _cBK
999 _c16988
_d16988